Thomas Jefferson Cabinet - Statistics

General Stats
  • This quiz has been taken 93 times
  • The average score is 6 of 9
Answer Stats
Hint Answer % Correct
Sec. of State(1801-1809) James Madison
100%
Sec. of Treasury(1801-1809) Albert Gallatin
72%
Sec. of Treasury(1801) Samuel Dexter
67%
Sec. of Navy(1801) Benjamin Stoddert
61%
Sec. of War(1801-1809) Henry Dearborn
61%
AG(1807-1809) Caesar A. Rodney
56%
AG(1805-1806) John Breckinridge
56%
AG(1801-1805) Levi Lincoln
56%
Sec. of Navy(1801-1809) Robert Smith
56%
No matching quizzes found
Score Distribution
Percent of People with Each Score
Percentile by Number Answered
Your Score History
You have not taken this quiz